[Event "Reunion op 16th"]
[Site "St Denis"]
[Date "2014.10.22"]
[Round "5"]
[White "Labrande, Jean Donatien"]
[Black "Caminade, Hugo"]
[Result "0-1"]
[WhiteElo "1372"]
[BlackElo "1070"]
[PlyCount "38"]
[EventDate "2014.10.18"]
[EventType "swiss"]
[EventRounds "9"]
[EventCountry "RUF"]
[SourceTitle "EXT 2015"]
[Source "ChessBase"]
[SourceDate "2014.11.20"]
[SourceVersion "1"]
[SourceVersionDate "2014.11.20"]
[SourceQuality "1"]

1. e4 e6 2. d4 g6 3. Nf3 Nc6 4. Bc4 h6 5. Be3 Bg7 6. 0-0 Nge7 7. Nc3 0-0 8. Qd2 b6 9. Bxh6 Bb7 10. Rfe1 Re8 11. Bxg7 Kxg7 12. Re3 Rh8 13. e5 Nf5 14. Rd3 Nb4 15. Ng5 Nxd3 16. Bxd3 Rh5 17. f4 f6 18. exf6+ Qxf6 19. g4 Qxd4+ 0-1